| Tag |
First Indicator |
Second Indicator |
Subfields |
| LEADER |
00000cam a2200000 a 4500 |
| 001 |
in00000035200 |
| 005 |
20151007055326.0 |
| 008 |
870610s1988 nyu 00110 eng |
| 010 |
|
|
|a 87047768
|
| 020 |
|
|
|a 0465014216 :
|c $18.95
|
| 035 |
|
|
|a (OCoLC)17296222
|
| 035 |
|
|
|9 AAB7906AM
|
| 040 |
|
|
|a DLC
|c DLC
|d TXA
|d UtOrBLW
|
| 049 |
|
|
|a TXAM
|c [A11507452]
|
| 050 |
0 |
0 |
|a RC552.A5
|b B77 1988
|
| 082 |
0 |
|
|a 616.85/2
|2 19
|
| 100 |
1 |
|
|a Bruch, Hilde,
|d 1904-1984.
|
| 245 |
1 |
0 |
|a Conversations with anorexics /
|c Hilde Bruch ; edited by Danita Czyzewski and Melanie A. Suhr.
|
| 264 |
|
1 |
|a New York :
|b Basic Books,
|c [1988]
|
| 264 |
|
4 |
|c ©1988
|
| 300 |
|
|
|a xxii, 216 pages ;
|c 22 cm.
|
| 336 |
|
|
|a text
|b txt
|2 rdacontent
|
| 337 |
|
|
|a unmediated
|b n
|2 rdamedia
|
| 338 |
|
|
|a volume
|b nc
|2 rdacarrier
|
| 500 |
|
|
|a Includes index.
|
| 650 |
|
0 |
|a Anorexia nervosa
|x Case studies.
|
| 650 |
|
0 |
|a Psychotherapy
|v Case studies.
|
| 700 |
1 |
|
|a Czyzewski, Danita,
|d 1950-
|
| 700 |
1 |
|
|a Suhr, Melanie A.,
|d 1951-
|
| 999 |
|
|
|a MARS
|
| 999 |
f |
f |
|s 9dba66d0-6f17-3f3a-a898-434b3afef0e9
|i 8f49feb7-38c9-34ca-a47a-d80c77e909bf
|t 0
|
| 952 |
f |
f |
|p ric
|a Texas A&M University
|b Rellis Campus
|c Joint Library Facility
|d Remote Storage
|t 0
|e RC552.A5 B77 1988
|h Library of Congress classification
|i unmediated -- volume
|m A14811507452
|
| 998 |
f |
f |
|a RC552.A5 B77 1988
|t 0
|l Remote Storage
|